Productivity and social environment / (Record no. 43724)
[ view plain ]
| 000 -LEADER | |
|---|---|
| fixed length control field | 00664nam a2200229 a 4500 |
| 001 - CONTROL NUMBER | |
| control field | 43724 |
| 003 - CONTROL NUMBER IDENTIFIER | |
| rucl marc code | BD-RjUL |
| 005 - DATE AND TIME OF LATEST TRANSACTION | |
| control field | 20211209053737.0 |
| 008 - FIXED-LENGTH DATA ELEMENTS--GENERAL INFORMATION | |
| fixed length control field | 160626s1964 nyu b 001 0 eng |
| 035 ## - SYSTEM CONTROL NUMBER | |
| System control number | (BD-RjUL)43842 |
| 040 ## - CATALOGING SOURCE | |
| Original cataloging agency | DLC |
| Transcribing agency | DLC |
| Modifying agency | DLC |
| -- | BD-RjUL |
| Language of cataloging | eng |
| 041 ## - LANGUAGE CODE | |
| Language code of text/sound track or separate title | eng |
| 082 00 - DEWEY DECIMAL CLASSIFICATION NUMBER | |
| Classification number | 338.0954 |
| Edition number | 18 |
| Author mark and year | SRP 1964 |
| 100 1# - MAIN ENTRY--PERSONAL NAME | |
| Personal name | Sreenivasan, K. |
| 9 (RLIN) | 134373 |
| 245 10 - TITLE STATEMENT | |
| Title | Productivity and social environment / |
| Statement of responsibility, etc. | K. Sreenivasan. |
| 260 ## - PUBLICATION, DISTRIBUTION, ETC. (IMPRINT) | |
| Place of publication, distribution, etc. | New York : |
| Name of publisher, distributor, etc. | Asia Pub. House, |
| Date of publication, distribution, etc. | c1964. |
| 300 ## - PHYSICAL DESCRIPTION | |
| Pagination | [5], 181 p. ; |
| Size | 23 cm. |
| 504 ## - BIBLIOGRAPHY, ETC. NOTE | |
| Bibliography, etc | Includes index. |
| 650 #0 - SUBJECT ADDED ENTRY--TOPICAL TERM | |
| Topical term or geographic name as entry element | Industries |
| Geographic subdivision | India. |
| 9 (RLIN) | 132331 |
| Topical term or geographic name as entry element | Industrial management |
| Geographic subdivision | India. |
| 9 (RLIN) | 134374 |
| 942 ## - ADDED ENTRY ELEMENTS (KOHA) | |
| Source of classification or shelving scheme | Dewey Decimal Classification |
| Koha item type | Books |
| Lost status | Source of classification or shelving scheme | Damaged status | Not for loan | Collection code | Permanent Location | Current Location | Shelving location | Date acquired | Source of acquisition | Cost, normal purchase price | Total Checkouts | Full call number | Date last seen | Copy number | Koha item type |
|---|---|---|---|---|---|---|---|---|---|---|---|---|---|---|---|
| Dewey Decimal Classification | Not For Loan | Non-fiction | Central Library, University of Rajshahi | Central Library, University of Rajshahi | Reading Room | 13/05/1978 | Asia Pub. Home Bomby | 18.00 | 338.0954 SRP 1964 | 26/06/2016 | C-1 | Books | |||
| Dewey Decimal Classification | Central Library, University of Rajshahi | Central Library, University of Rajshahi | 21/05/1966 | Uro book , Rajshahi | 0.00 | 338.0954 SRP 1964 | 01/09/2016 | C-2 | Books | ||||||
| Dewey Decimal Classification | Non-fiction | Central Library, University of Rajshahi | Central Library, University of Rajshahi | 06/01/1966 | Euro pac. | 22.50 | 338.0954 SRP 1964 | 21/09/2016 | C-3 | Books |